[Event "Mlada Boleslav Region-ch U20"]
[Site "Mlada Boleslav"]
[Date "2014.06.22"]
[Round "6"]
[White "Vrecion, Jiri"]
[Black "Zmatlik, Tomas"]
[Result "1-0"]
[WhiteElo "1808"]
[BlackElo "1345"]
[PlyCount "35"]
[EventDate "2014.06.21"]
[EventType "swiss"]
[EventRounds "7"]
[EventCountry "CZE"]
[SourceTitle "EXT 2016"]
[Source "ChessBase"]
[SourceDate "2015.10.08"]
[SourceVersion "1"]
[SourceVersionDate "2015.10.08"]
[SourceQuality "1"]

1. d4 d5 2. Nf3 Bf5 3. c4 e6 4. cxd5 Qxd5 5. Nc3 Bb4 6. e3 Nc6 7. Bd3 0-0-0 8. 0-0 Bxc3 9. bxc3 Be4 10. c4 Qf5 11. Nh4 Qg5 12. Bxe4 Qxh4 13. Qf3 Nge7 14. Ba3 Na5 15. g3 Qg5 16. h4 Qf6 17. Qxf6 gxf6 18. Bxe7 1-0

[Event "Mlada Boleslav Region-ch U20"]
[Site "Mlada Boleslav"]
[Date "2014.06.22"]
[Round "5"]
[White "Zmatlik, Tomas"]
[Black "Wagner, Adam"]
[Result "1-0"]
[WhiteElo "1345"]
[BlackElo "1506"]
[PlyCount "87"]
[EventDate "2014.06.21"]
[EventType "swiss"]
[EventRounds "7"]
[EventCountry "CZE"]
[SourceTitle "EXT 2016"]
[Source "ChessBase"]
[SourceDate "2015.10.08"]
[SourceVersion "1"]
[SourceVersionDate "2015.10.08"]
[SourceQuality "1"]

1. Nf3 d5 2. c4 c6 3. d4 e6 4. c5 Nf6 5. Bf4 b6 6. Qa4 Bb7 7. e3 bxc5 8. Nc3 cxd4 9. Nxd4 Bd6 10. Bxd6 Qxd6 11. Be2 0-0 12. 0-0 Nbd7 13. Ba6 Nc5 14. Qa3 Bxa6 15. Rfc1 Bb7 16. Na4 Nce4 17. Qxd6 Nxd6 18. Nc5 Rac8 19. Nxb7 Nxb7 20. Nxc6 Nd6 21. Ne7+ Kh8 22. Nxc8 Rxc8 23. Rxc8+ Nxc8 24. Rc1 Nd6 25. Rc7 a5 26. Ra7 g6 27. Rxa5 e5 28. b4 d4 29. Rxe5 d3 30. Kf1 d2 31. Ke2 Kg7 32. Rc5 Kf8 33. Rc6 Ke7 34. a4 Kd7 35. b5 Nfe8 36. Rc2 Nb7 37. Kxd2 Ned6 38. b6 Na5 39. Rc7+ Kd8 40. Kc3 Nac4 41. Rxc4 Nxc4 42. Kxc4 Kc8 43. Kb5 Kb7 44. a5 1-0

[Event "Mlada Boleslav Region-ch U20"]
[Site "Mlada Boleslav"]
[Date "2014.06.21"]
[Round "4"]
[White "Balek, Filip"]
[Black "Zmatlik, Tomas"]
[Result "0-1"]
[WhiteElo "1495"]
[BlackElo "1345"]
[PlyCount "38"]
[EventDate "2014.06.21"]
[EventType "swiss"]
[EventRounds "7"]
[EventCountry "CZE"]
[SourceTitle "EXT 2016"]
[Source "ChessBase"]
[SourceDate "2015.10.08"]
[SourceVersion "1"]
[SourceVersionDate "2015.10.08"]
[SourceQuality "1"]

1. e4 e5 2. Nf3 Nc6 3. Bb5 Bc5 4. c3 Nf6 5. d3 d6 6. h3 0-0 7. 0-0 Nh5 8. Nxe5 Nxe5 9. Qxh5 a6 10. Bxa6 Rxa6 11. d4 Nd3 12. dxc5 dxc5 13. Qe2 Nxc1 14. Rxc1 Bxh3 15. gxh3 Qg5+ 16. Kh2 Qf4+ 17. Kg2 Rg6+ 18. Kf1 Qxc1+ 19. Qe1 Rg1+ 0-1

[Event "Mlada Boleslav Region-ch U20"]
[Site "Mlada Boleslav"]
[Date "2014.06.21"]
[Round "2"]
[White "Civin, Dominik"]
[Black "Zmatlik, Tomas"]
[Result "1-0"]
[WhiteElo "1601"]
[BlackElo "1345"]
[PlyCount "47"]
[EventDate "2014.06.21"]
[EventType "swiss"]
[EventRounds "7"]
[EventCountry "CZE"]
[SourceTitle "EXT 2016"]
[Source "ChessBase"]
[SourceDate "2015.10.08"]
[SourceVersion "1"]
[SourceVersionDate "2015.10.08"]
[SourceQuality "1"]

1. c4 e5 2. Nc3 Nf6 3. g3 Bc5 4. Bg2 c6 5. e4 Ng4 6. Qxg4 Qf6 7. Qf3 d6 8. Qxf6 gxf6 9. d3 Bg4 10. Be3 Nd7 11. h3 Bh5 12. Nge2 Bxe3 13. fxe3 Nc5 14. Kd2 a6 15. b4 Ne6 16. Rhf1 Ke7 17. a4 a5 18. b5 Nc5 19. Rab1 Bxe2 20. Kxe2 Rhg8 21. Rf3 Rab8 22. h4 h6 23. Bh3 Rh8 24. Rbf1 1-0

[Event "Mlada Boleslav Region-ch U20"]
[Site "Mlada Boleslav"]
[Date "2013.06.22"]
[Round "4"]
[White "Sefcik, Jiri"]
[Black "Zmatlik, Tomas"]
[Result "1-0"]
[WhiteElo "1407"]
[BlackElo "1259"]
[PlyCount "65"]
[EventDate "2013.06.22"]
[EventType "swiss"]
[EventRounds "7"]
[EventCountry "CZE"]
[SourceTitle "EXT 2015"]
[Source "ChessBase"]
[SourceDate "2014.11.20"]
[SourceVersion "1"]
[SourceVersionDate "2014.11.20"]
[SourceQuality "1"]

1. e4 e5 2. Nf3 Nc6 3. Bc4 Bc5 4. d3 d6 5. h3 Nf6 6. Bg5 Be6 7. Bb3 Qe7 8. Nc3 0-0-0 9. Qd2 h6 10. Bxf6 gxf6 11. Bxe6+ fxe6 12. 0-0-0 Rhg8 13. Rhg1 d5 14. exd5 exd5 15. Qxh6 Bxf2 16. Rgf1 d4 17. Rxf2 dxc3 18. bxc3 Qa3+ 19. Kd2 f5 20. Qe6+ Kb8 21. Nxe5 Rge8 22. Nxc6+ bxc6 23. Qxc6 Qxa2 24. Rxf5 a6 25. Rdf1 Re6 26. Rb1+ Qxb1 27. Qxe6 Qb7 28. Qb3 Rg8 29. g4 Rh8 30. Rh5 Rf8 31. Qxb7+ Kxb7 32. g5 a5 33. Kc1 1-0

[Event "Mlada Boleslav Region-ch U20"]
[Site "Mlada Boleslav"]
[Date "2012.06.23"]
[Round "4"]
[White "Zmatlik, Tomas"]
[Black "Paukert, Vojtech"]
[Result "0-1"]
[WhiteElo "1250"]
[BlackElo "1250"]
[PlyCount "60"]
[EventDate "2012.06.23"]
[EventType "swiss"]
[EventRounds "7"]
[EventCountry "CZE"]
[SourceTitle "EXT 2014"]
[Source "ChessBase"]
[SourceDate "2013.11.20"]
[SourceVersion "1"]
[SourceVersionDate "2013.11.20"]
[SourceQuality "1"]

1. Nf3 Nc6 2. d4 d5 3. Bf4 Nf6 4. e3 a6 5. Bd3 Bg4 6. Nc3 e6 7. Qd2 Bb4 8. 0-0-0 Ne4 9. Qe1 Bxc3 10. bxc3 Qe7 11. Kb1 Qa3 12. Ka1 Nxc3 13. Qxc3 Qxc3+ 14. Kb1 Nb4 15. Rd2 Bxf3 16. e4 Bxg2 17. Rg1 Qa3 18. c3 Nxd3 19. Rxd3 Bxe4 20. Rgd1 Bxd3+ 21. Rxd3 Qa5 22. Rg3 Qb5+ 23. Kc2 Qe2+ 24. Kb3 Qxf2 25. Bxc7 Qxh2 26. Be5 f6 27. Bd6 Kd7 28. Bf4 g5 29. Rg4 Qxf4 30. Rxf4 gxf4 0-1